00998nam a22001697a 4500003000900000008004100009040007100050082001800121100002600139245008300165260004200248300004700290505039100337650003400728650003300762650003300795AR-CdUCM190322b ||||| |||| 00| 0 spa d aMUNICIPALIDAD PROVINCIAL DEL CUSCOcBIBLIOTECA MUNICIPAL DEL CUSCO a631.61 /bC79 aCori Castro, Wilfredo aOrganización agroindustrial de las mypes del Cusco : caso cereales andinos / aCusco :bUniversitaria UNSAAC,c2008. a165 paginas ;bCuadros, diagramas,c21 cm. aContenido : Competitividad territorial gestión empresarial y políticas publicas para el desarrollo regional -- Competitividad y economías de la aglomeración industrial en pequeñas empresas -- Desarrollo de los mercados de insumos y productos finales de los mypes agroindustrial -- Modelo de un complejo agroindustrial con políticas de desarrollo regional descentralizado... aOrganización agroindustrial aIntegración de políticas aCompetitividad y economías